Filters and drainage in geotechnical and environmental engineering (Record no. 1666)

000 -LEADER
fixed length control field 00607nam a22002057a 4500
001 - CONTROL NUMBER
control field 1666
003 - CONTROL NUMBER IDENTIFIER
control field BD-DhUET
008 - FIXED-LENGTH DATA ELEMENTS--GENERAL INFORMATION
fixed length control field 160404b xxu||||| |||| 00| 0 eng d
020 ## - INTERNATIONAL STANDARD BOOK NUMBER
International Standard Book Number 9058091465
040 ## - CATALOGING SOURCE
Transcribing agency 0
Modifying agency BD-DhUET
082 ## - DEWEY DECIMAL CLASSIFICATION NUMBER
Classification number 628.352
Item number INT/2000
111 ## - MAIN ENTRY--MEETING NAME
Meeting name or jurisdiction name as entry element International Conference on Geofilters 2000
245 ## - TITLE STATEMENT
Title Filters and drainage in geotechnical and environmental engineering
260 ## - PUBLICATION, DISTRIBUTION, ETC. (IMPRINT)
Place of publication, distribution, etc. Rotterdam
Name of publisher, distributor, etc. A. A. Balkema
Date of publication, distribution, etc. 2000
300 ## - PHYSICAL DESCRIPTION
Extent xi,396p.
504 ## - BIBLIOGRAPHY, ETC. NOTE
Bibliography, etc Includes bibliographies
650 #0 - SUBJECT ADDED ENTRY--TOPICAL TERM
Topical term or geographic name as entry element Filtration Geotechnical engineering - environment
700 ## - ADDED ENTRY--PERSONAL NAME
Personal name Mlynarek, Jacek
942 ## - ADDED ENTRY ELEMENTS (KOHA)
Koha item type Proceedings
Holdings
Koha normalized classification for sorting Koha full call number Koha item type Lost status Damaged status Copy number Koha date last seen Sublocation or collection (holding branch) Withdrawn status Source of classification or shelving scheme Not for loan Location (home branch) Shelving location Date acquired Piece designation (barcode) Price effective from
628_352000000000000_INT_2000628.352/INT/2000Edited Book  12014-09-10Central Library, BUET   Central Library, BUETCirculation section2014-09-10964902014-09-10
628_000000000000000_352INT2000628.352/INT/2000Edited Book  22014-09-10Central Library, BUET   Central Library, BUETCirculation section2014-09-10964912014-09-10
628_000000000000000_352INT2000628.352/INT/2000Edited Book  32014-09-10Central Library, BUET   Central Library, BUETCirculation section2014-09-10964922014-09-10
628_352000000000000_INT_2000628.352/INT/2000Proceedings  42015-06-29Central Library, BUET   Central Library, BUETReading section2015-06-29964892015-06-29
628_352000000000000_INT_2000628.352/INT/2000Proceedings  52015-11-08Central Library, BUET   Central Library, BUETReference section2015-11-08964882015-11-08